000 00604nam a22002297a 4500
003 OSt
005 20140310182803.0
008 130213t xxu||||| |||| 00| 0 eng d
020 _a9814035955
050 _aQP 44
_b.M34 2002
100 _aMarieb, Elaine N.
245 _aAnatomy and physiology coloring workbook :
_ba complete study guide /
_cElaine N. Marieb.
260 _aSingapore :
_bPearson Education,
_c2002.
300 _a298 p. :
_c27 cm.
521 _aNUR
562 _e3
650 _aAnatomy
650 _aPhysiology
942 _2lcc
_cBK
_kFOR
999 _c16024
_d16024